000 00483nam a2200181Ia 4500
001 18142
005 20260306171609.0
008 260306s9999||||xx |||||||||||||| ||und||
041 _aESP
082 _a658.4012
_bH54 2015
100 _aHill, Charles W. L.
_eAUT
245 0 _aAdministración estratégica:
_bteoría y casos, un enfoque integral
260 _c2015
300 _axxv, 467, C380 páginas :
_c27 cm.
650 _aGEN
654 _aCAN
942 _cLIB
_dJUS
_fJUS
_2ddc
_n
999 _c18142
_d18142